Los Osos Berenstain, no se permiten niñas / (Record no. 18949)

MARC details
000 -LEADER
fixed length control field 01443cam a2200373 a 4500
001 - CONTROL NUMBER
control field 1579684
003 - CONTROL NUMBER IDENTIFIER
control field DLC
005 - DATE AND TIME OF LATEST TRANSACTION
control field 20171017122057.0
008 - FIXED-LENGTH DATA ELEMENTS--GENERAL INFORMATION
fixed length control field 930719s1994 nyua j 000 1 spa
010 ## - LIBRARY OF CONGRESS CONTROL NUMBER
LC control number 93029904
020 ## - INTERNATIONAL STANDARD BOOK NUMBER
International Standard Book Number 0679854312 (pbk.)
020 ## - INTERNATIONAL STANDARD BOOK NUMBER
International Standard Book Number 9780679854312 (pbk.)
024 ## - OTHER STANDARD IDENTIFIER
Standard number or code 090129854318
040 ## - CATALOGING SOURCE
Original cataloging agency DLC
Transcribing agency DLC
Modifying agency DLC
041 1# - LANGUAGE CODE
Language code of text/sound track or separate title spa
Language code of original eng
042 ## - AUTHENTICATION CODE
Authentication code lcac
050 00 - LIBRARY OF CONGRESS CALL NUMBER
Classification number PZ73
Item number .B394 1994
100 1# - MAIN ENTRY--PERSONAL NAME
Personal name Berenstain, Stan,
Dates associated with a name 1923-2005.
240 10 - UNIFORM TITLE
Uniform title <a href="Berenstain Bears, no girls allowed.">Berenstain Bears, no girls allowed.</a>
Language of a work Spanish
245 14 - TITLE STATEMENT
Title Los Osos Berenstain, no se permiten niñas /
Statement of responsibility, etc. Stan & Jan Berenstain ; traducción de Rita Guibert.
260 ## - PUBLICATION, DISTRIBUTION, ETC. (IMPRINT)
Place of publication, distribution, etc. New York :
Name of publisher, distributor, etc. Random House,
Date of publication, distribution, etc. c1994.
300 ## - PHYSICAL DESCRIPTION
Extent 1 v. (unpaged) :
Other physical details col. ill. ;
Dimensions 20 cm.
490 1# - SERIES STATEMENT
Series statement First time books
520 ## - SUMMARY, ETC.
Summary, etc. Annoyed that Sister Bear always beats them at baseball and other "boy" type activities, her brother and other male cubs try to exclude her from their new club.
650 #1 - SUBJECT ADDED ENTRY--TOPICAL TERM
Topical term or geographic name as entry element Sex role
General subdivision Fiction.
650 #1 - SUBJECT ADDED ENTRY--TOPICAL TERM
Topical term or geographic name as entry element Brothers and sisters
General subdivision Fiction.
650 #1 - SUBJECT ADDED ENTRY--TOPICAL TERM
Topical term or geographic name as entry element Clubs
General subdivision Fiction.
650 #1 - SUBJECT ADDED ENTRY--TOPICAL TERM
Topical term or geographic name as entry element Bears
General subdivision Fiction.
650 #1 - SUBJECT ADDED ENTRY--TOPICAL TERM
Topical term or geographic name as entry element Spanish language materials.
700 1# - ADDED ENTRY--PERSONAL NAME
Personal name Berenstain, Jan,
Dates associated with a name 1923-2012.
800 1# - SERIES ADDED ENTRY--PERSONAL NAME
Personal name Berenstain, Stan,
Dates associated with a name 1923-2005.
Title of a work First time books.
942 ## - ADDED ENTRY ELEMENTS (KOHA)
Koha item type Libro/Book
Holdings
Withdrawn status Lost status Damaged status Not for loan Home library Current library Date acquired Total Checkouts Barcode Checked out Date last seen Date checked out Price effective from Koha item type
        Genizero -- Satellite Genizero 17/10/2017 1 35601574 28/03/2018 26/07/2018 26/07/2018 17/10/2017 Libro/Book

Powered by Koha